Biopotraviny a faktory ovplyvňujúce ich nákup

Na minha lista:
Detalhes bibliográficos
Autor principal: Urblíková, Daniela
Formato: Capítulo de Livro
Idioma:eslovaco
inglês
Tags: Adicionar Tag
Sem tags, seja o primeiro a adicionar uma tag!

MARC

LEADER 00000nla a2200000 4500
001 0175749
005 20240527102024.5
041 0 |a slo 
041 0 |a eng 
044 |a SK 
245 1 0 |a Biopotraviny a faktory ovplyvňujúce ich nákup  |c Daniela Urblíková 
500 |a Abstrakt 
100 1 |a Urblíková, Daniela